Flagge + Umriss - Länder von Afrika - Statistiken

Allgemein
  • Dieses Quiz wurde 104 mal gespielt
  • Das Durchschnittsergebnis liegt bei 38 aus 54
Antwortstatistiken
Bildquiz Antwort % Korrekt
Marokko
93%
Ägypten
91%
Tunesien
89%
Algerien
88%
Südafrika
88%
Somalia
86%
Kenia
84%
Angola
81%
Tschad
81%
Elfenbeinküste
80%
Madagaskar
79%
Mauretanien
79%
Namibia
78%
Uganda
78%
Gambia
77%
Niger
77%
Nigeria
77%
Libyen
75%
Malawi
75%
Senegal
75%
Demokratische Republik Kongo
74%
Äthiopien
73%
Botswana
73%
Kamerun
73%
Mali
73%
Sudan
72%
Gabun
70%
Liberia
70%
Benin
69%
Ghana
69%
Kap Verde
69%
Sambia
69%
Eritrea
68%
Burundi
64%
Komoren
64%
Mosambik
64%
Sierra Leone
64%
Zentralafrikanische Republik
64%
Äquatorial-Guinea
63%
Burkina Faso
63%
Dschibuti
63%
Seychellen
63%
Tansania
63%
Lesotho
62%
Ruanda
62%
Eswatini
60%
Togo
60%
Guinea
58%
Guinea-Bissau
58%
Republik Kongo
58%
Südsudan
54%
Mauritius
53%
Simbabwe
51%
Sao Tome und Príncipe
46%
Keine übereinstimmenden Quizze gefunden
Verteilung der Resultate
Anzahl Personen mit jedem Resultat
Perzentil nach korrekt beantworteten Fragen
Ihre Resultats-Entwicklung
Sie haben dieses Quiz noch nicht gespielt